| 000 | 00992nam a2200253 4500 | ||
|---|---|---|---|
| 008 | 010815s1996 enk engYA | ||
| 020 | _a0853648360 (v.1) | ||
| 020 | _a0853648379 (v.2) | ||
| 020 | _a0853648387 (v.3) | ||
| 020 | _a0853648395 (v.4) | ||
| 020 | _a0853648409 (v.5) | ||
| 090 |
_aBS440 _bN42v _b1996 |
||
| 245 | 1 | 0 |
_aNew international dictionary of Old Testament theology and exegesis / _cWillem A. VanGemeren; general editor. |
| 260 |
_aCarlisle : _bPaternoster, _cc1996. |
||
| 300 | _a5 volume set. | ||
| 650 | 4 |
_aBible. O.T. _xCriticism, interpretation, etc. _xDictionaries _xHebrew. |
|
| 650 | 4 |
_aBible. O.T. _xCriticism, interpretation, etc. _xDictionaries. |
|
| 650 | 4 |
_aBible. O.T. _xDictionaries _xHebrew. |
|
| 650 | 4 |
_aBible. O.T. _xDictionaries. |
|
| 650 | 4 |
_aBible. O.T. _xTheology _xDictionaries _xHebrew. |
|
| 650 | 4 |
_aBible. O.T. _xTheology _xDictionaries. |
|
| 700 | 1 | _aVanGemeren, Willem A. | |
| 951 |
_p21840 _oBS440/N42v/1996-III _j070613110944390 _d2000-12-21 _cREF |
||
| 999 |
_c2831 _d2831 |
||